Islam, archaeology and history : Gao region (Mali) ca. AD 900-1250 /

محفوظ في:

المؤلف الرئيسي: Insoll, Timothy (مؤلف)

التنسيق: كتاب

اللغة: English

منشور في: Oxford : Tempus Reparatum, 1996.

سلاسل: BAR International Series ; 647.
Cambridge monographs in African archaeology ; 39.

الموضوعات:

الوسوم: إضافة وسم

لا توجد وسوم, كن أول من يضع وسما على هذه التسجيلة!

رقم الطلب: DT551.9 .G36 I57 1996

LEADER 01233nam a22003497a 4500
003 OSt
005 20260420213444.0
008 260420t1996 enkab b 000 0 eng d
015 |a GB96-87087 
020 |a 0860548325 
040 |c ARCE Library 
042 |a pcc 
043 |a f-ml--- 
050 1 4 |a DT551.9 .G36  |b I57 1996 
100 1 |a Insoll, Timothy,  |e author  |9 32905 
245 1 0 |a Islam, archaeology and history :  |b Gao region (Mali) ca. AD 900-1250 /  |c Timothy Insoll. 
264 1 |a Oxford :  |b Tempus Reparatum,  |c 1996. 
300 |a iv, 143 pages :  |b illustrations, maps ;  |c 30 cm. 
490 1 |a BAR International Series ;   |v 647. 
490 1 |a Cambridge monographs in African archaeology ;   |v 39. 
504 |a Includes bibliographical references (p. 133-143) 
650 0 |a Excavations (Archaeology)  |z Mali  |z Gao Region. 
650 0 |a Islam  |z Mali  |z Gao Region  |x History. 
650 0 |a Islamic antiquities  |z Mali  |z Gao Region. 
651 0 |a Gao (Mali)  |x Antiquities. 
651 0 |a Gao Region (Mali)  |x Religion. 
651 4 |a Gao Region (Mali)  |x Antiquities. 
830 0 |a BAR International Series ;   |v 647. 
830 0 |a Cambridge monographs in African archaeology ;  |v 39. 
901 |a reviewed 
942 |c BK  |2 lcc 
999 |c 13885  |d 13885